000 00505nam a2200169Ia 4500
003 IN-BaIIA
008 211028s9999 xx 000 0 eng d
040 _cIIA Library
080 _a621.38
_bSPI-3
100 _aSpieman, Harold S
_96070
245 0 _aElectronics sources book for teachers
_bvol. 3
_cHarold S. Spielman
260 _aNew York
_bHayden Book
_c1965
300 _a1093-1609p.
650 _aElectronics
_91576
650 _aNASA Thesaurus
942 _cBK
999 _c3429
_d3429